000 02460cam a22001934a 4500
005 20250605163532.0
008 250528s ||||||||||||||||||||||||d
035 _a21278
020 _a9789600351804
040 _aGR-AtMCL
_bgre
_dGR-AtMCL
_eAACR2
245 1 _aΤα Διεθνή Λογιστικά Πρότυπα με Απλά Λόγια και οι Διαφορές τους από τα Ελληνικά / Η Εργαλειοθήκη του Λογιστή και του Ελεγκτή για τα Διεθνή Λογιστικά Πρότυπα: Βιβλίο Πρώτο
260 _bΚαστανιώτη,
_c2008
300 _a618
520 _aΈνα εργαλείο αρχικής, γρήγορης και εύκολης κατανόησης των διεθνών λογιστικών προτύπων και των διαφορών τους από τα Ελληνικά πρότυπα, γραμμένο στη γλώσσα του λογιστή, και μια αφετηρία για βαθύτερη έρευνα. Εισαγωγή, Λογιστική και Λογιστές και Στερεότυπα, Κίνητρα και Δυνατότητες, Μεθοδολογία και Δομή, Αδυναμίες και Λάθη, Διεθνή Λογιστικά Πρότυπα, Αποθέματα, Καταστάσεις Ταμειακών Ροών, Συμβάσεις Κατασκευής Έργων, Φόροι Εισοδήματος, Ενσώματες Ακινητοποιήσεις, Μισθώσεις, Έσοδα, Παροχές σε Εργαζομένους,Κόστος Δανεισμού, Κέρδη κατά Μετοχή, Άυλα Περιουσιακά Στοιχεία, Επενδυτικά Ακίνητα, Γεωργία, Διεθνή Πρότυπα Χρηματοοικονομικής Πληροφόρησης, Συνενώσεις Επιχειρήσεων, Ασφαλιστήρια Συμβόλαια, Διερμηνείες, Λειτουργικές Μισθώσεις και Κίνητρα, Ουσία των Συναλλαγών που Σχετίζονται με το Νομικό Τύπο της Μίσθωσης, Οι Μετοχές Μελών σε Συνεταιριστικές Οικονομικές Οντότητες και Όμοια Μέσα, Επανεκτίμηση Ενσωματωμένων Παραγώγων.
700 1 _aΝτζανάτος Δημήτρης
942 _cBK
999 _c6343
_d6343